Black holes and more dark mysteries / (Record no. 409153)
[ view plain ]
| 000 -LEADER | |
|---|---|
| fixed length control field | 01360nam a2200289 i 4500 |
| 001 - CONTROL NUMBER | |
| control field | 2426068 |
| 003 - CONTROL NUMBER IDENTIFIER | |
| control field | IlBcCP |
| 005 - DATE AND TIME OF LATEST TRANSACTION | |
| control field | 20251222151916.0 |
| 008 - FIXED-LENGTH DATA ELEMENTS--GENERAL INFORMATION | |
| fixed length control field | 251222s2025 mnua 000 0 eng |
| 020 ## - INTERNATIONAL STANDARD BOOK NUMBER | |
| International Standard Book Number | 109829503X |
| 020 ## - INTERNATIONAL STANDARD BOOK NUMBER | |
| International Standard Book Number | 9781098295035 |
| 040 ## - CATALOGING SOURCE | |
| Description conventions | rda |
| Transcribing agency | IlBcCP |
| Language of cataloging | eng |
| 082 14 - DEWEY DECIMAL CLASSIFICATION NUMBER | |
| Classification number | 523.8 |
| Edition number | 23 |
| 100 1# - MAIN ENTRY--PERSONAL NAME | |
| Personal name | Williams, Ann., |
| Relator term | author. |
| 9 (RLIN) | 5702324 |
| 245 10 - TITLE STATEMENT | |
| Title | Black holes and more dark mysteries / |
| Statement of responsibility, etc | Ann Williams. |
| 264 #1 - Production, Publication, Distribution, Manufacture, and Copyright Notice. | |
| Place of production, publication, distribution, manufacture | Minneapolis, MN : |
| Name of producer, publisher, distributor, manufacturer | ABDO Publishing Company, |
| Date of production, publication, distribution, manufacture, or copyr | 2025. |
| 300 ## - PHYSICAL DESCRIPTION | |
| Extent | 48 pages : |
| Other physical details | chiefly color illustrations ; |
| Dimensions | 24 cm. |
| 336 ## - Content Type | |
| Content type term | text |
| 337 ## - Media type | |
| Media type term | unmediated |
| 338 ## - Carrier type | |
| Carrier type term | volume |
| 490 1# - SERIES STATEMENT | |
| Series statement | A&D xtreme: xtreme universe |
| 520 ## - SUMMARY, ETC. | |
| Summary, etc | What is a black hole? Readers will learn the answer in this book! They will discover how black holes form, what gravity has to with black holes, and how scientists observe these dark mysteries. Readers will also be introduced to other dark objects in the universe, such as black dwarfs, dark matter, and dark energy. Aligned to Common Core Standards and correlated to state standards. A&D Xtreme is an imprint of Abdo Publishing, a division of ABDO. |
| 521 2# - TARGET AUDIENCE NOTE | |
| Target audience note | 5678 |
| Source | Libraria. |
| 521 8# - TARGET AUDIENCE NOTE | |
| Target audience note | 860 |
| Source | Lexile. |
| 650 #0 - SUBJECT ADDED ENTRY--TOPICAL TERM | |
| Topical term or geographic name as entry element | Black holes (Astronomy) |
| Form subdivision | Juvenile literature. |
| 9 (RLIN) | 6358075 |
| 830 #0 - SERIES ADDED ENTRY--UNIFORM TITLE | |
| Uniform title | A&D xtreme. |
| Name of part/section of a work | Xtreme universe. |
| 9 (RLIN) | 6558038 |
| Withdrawn status | Lost status | Source of classification or shelving scheme | Damaged status | Not for loan | Collection code | Home library | Current library | Shelving location | Date acquired | Source of acquisition | Total Checkouts | Total Renewals | Full call number | Barcode | Checked out | Date last seen | Date checked out | Cost, replacement price | Price effective from | Koha item type |
|---|---|---|---|---|---|---|---|---|---|---|---|---|---|---|---|---|---|---|---|---|
| Dewey Decimal Classification | Children NonFiction | Wasatch County Library | Wasatch County Library | Main Floor Childrens Area | 06/19/2025 | KidsReference | 3 | 4 | E Science Space Williams | 34301002158469 | 04/08/2026 | 02/10/2026 | 02/10/2026 | 24.95 | 06/19/2025 | BOOK |
